Hľadanie novej podoby

Bibliographic Details
Main Author: Levická, Tamara (Author)
Format: Article
Language:Slovak
Subjects:

MARC

LEADER 00000nab a2200000 a 4500
001 vtls000060381
003 SK-MaSNL
005 20260304063727.0
008 250422c1980 xo 0 slo
015 |a SNBRB19rr/mm-uuuuu 
035 |a CL0070481 
035 |a urn:nbn:sk:snk-ab1o1 
035 |a (urnnbn)urn:nbn:sk:snk:ar-0056vq 
035 |a (uuid)e800f091-2f71-4364-b5f2-7065ee082bef 
040 |a SNKBUCL  |b slo  |c SNKBUCL  |e AACR2 
041 0 |a slo 
044 |a xo  |c SK 
080 |a 730  |2 1981 
100 1 |a Levická, Tamara  |4 aut  |9 1350518 
245 1 0 |a Hľadanie novej podoby  |c Tamara Levická 
600 1 7 |a Čutek, Anton,  |d 1928-2002  |2 snkbucl  |9 38549 
655 7 |a články z novín a časopisov  |2 snkbucl  |9 267496 
773 0 |t Výtvarný život  |g Roč. 25, č. 6 (1980), s. 33 
850 |a Slovenská národná knižnica 
852 |a Slovenská národná knižnica 
954 |a odborná, vedecká literatúra pôvodná (slovenská)  |2 lita 
957 |a 5100 
958 |a article27 
958 |a RK 
958 |a OND 
958 |a EUIPO 
992 |a RBX 
999 |c 2743890  |d 2745820